000
00410nam a2200145Ia 4500
008
100122s9999 xx 000 0 und d
082
_b
33147
_a
823
100
_a
बोधे ब वा
245
_a
चांगभलं
260
_b
गुलमोहर पब्लिकेशन्स
_c
1982
300
_a
204
630
_a
चांगभलं
730
_a
चांगभलं
942
_c
BOOK
999
_c
417284
_d
417281